NBA International Players Champions - Statistics

General Stats
  • This quiz has been taken 191 times
    49 since last reset
  • The average score is 26 of 63
Answer Stats
Champion Player Country % Correct
2003, 2005, 2007, 2014 Manu Ginobili Argentina
100%
2003, 2005, 2007, 2014 Tony Parker France
100%
2025 Shai Gilgeous-Alexander Canada
95%
1994, 1995 Hakeem Olajuwon Nigeria, USA
90%
2021 Giannis Antetokounmpo Greece
87%
2019 Marc Gasol Spain
87%
2023 Nikola Jokić Serbia
85%
2009, 2010 Pau Gasol Spain
85%
2024 Kristaps Porziņģis Latvia
77%
1996, 1997, 1998 Toni Kukoc Croatia
77%
2024 Al Horford Dominican Republic
72%
2021 Thanasis Antetokounmpo Greece
72%
2022 Andrew Wiggins Canada
69%
2025 Isaiah Hartenstein Germany
67%
2023 Jamal Murray Canada
67%
2019 Pascal Siakam Cameroon
67%
2025 Luguentz Dort Canada
62%
2019 Serge Ibaka Spain/Congo
59%
2011 Dirk Nowitzki Germany
54%
1996, 1997, 1998 Luc Longley Australia
51%
2017, 2018 Zaza Pachulia Georgia
51%
2014 Marco Belinelli Italy
49%
2015 Andrew Bogut Australia
46%
2014 Boris Diaw France
46%
2024 Neemias Queta Portugal
46%
2000, 2001, 2002 Rick Fox Canada
46%
2016 Tristan Thompson Canada
46%
2016 Matthew Dellavedova Australia
44%
1987, 1988 Mychal Thompson Bahamas
44%
2014 Patty Mills Australia
41%
2011 Peja Stojakovic Croatia
38%
2015 Leandro Barbosa Brazil
36%
2014 Tiago Splitter Brazil
36%
2022 Jonathan Kuminga DR Congo
31%
2016 Timofey Mozgov Russia
31%
2007 Fabricio Oberto Argentina
28%
2025 Ousmane Dieng France
28%
2009, 2010 Sasha Vujacic Slovenia
28%
2005, 2007 Beno Udrih Slovenia
26%
2019 Chris Boucher Saint Lucia
26%
2004 Darko Milicic Serbia
26%
2012, 2013 Joel Anthony Canada
26%
2004 Mehmet Okur Turkey
26%
2024 Svi Mykhailiuk Ukraine
26%
2023 Vlatko Čančar Slovenia
26%
2025 Ajay Mitchell Belgium
21%
2014 Aron Baynes Australia
21%
2009, 2010 Didier Ilunga-Mbenga Congo
21%
1996, 1998 Bill Wennington Canada
18%
2015 Festus Ezeli Nigeria
18%
2005 Rasho Nesterovic Slovenia
18%
2022 Nemanja Bjelica Serbia
15%
1994, 1995 Carl Herrera Venezuela, Trinidad
13%
2014 Cory Joseph Canada
13%
2024 Oshae Brissett Canada
13%
2012 Ronny Turiaf France
13%
2002 Stanislav Medvedenko Ukraine
13%
2011 Ian Mahinmi France
10%
1995 Zan Tabak Croatia
10%
2007 Francisco Elson Netherlands
8%
2021 Mamadi Diakite Mali
5%
2021 Axel Toupane France
3%
1987, 1988 Mike Smrek Canada
3%
No matching quizzes found
Score Distribution
Percent of People with Each Score
Percentile by Number Answered
Your Score History
You have not taken this quiz since the last reset